| 000 | 00685nam a2200193 a 4500 | ||
|---|---|---|---|
| 005 | 20220524063630.0 | ||
| 008 | 991125s1953 mx 000 0 spa u | ||
| 035 | _aUPN01000037246 | ||
| 049 | _aLT | ||
| 050 | 4 |
_aLB1645 M6.3 _bS3.5 |
|
| 100 | 1 |
_aSantaló Sors, Marcelo, _d1905-1994 _929951 |
|
| 245 | 1 | 0 |
_aMatemáticas : _btercer curso / _cMarcelo Santalo Sors, Vicente Carbonell Chaure. |
| 260 |
_aMéxico : _bPorrúa, _c1953. |
||
| 300 |
_a389 p. : _bil. |
||
| 500 | _a"De acuerdo con el programa oficial de la Secretaría de Educación Pública" | ||
| 650 | 4 |
_aMatemáticas _xEstudio y enseñanza (Secundaria) _94860 |
|
| 700 | 1 |
_aCarbonell Chaure, Vicente, _ecoaut. |
|
| 905 | _aLibro | ||
| 999 |
_c37246 _d37246 |
||